Central Library OPAC University of Rajshahi

Reforming China's rural health system / (Record no. 85720)

MARC details
000 -LEADER
fixed length control field 01307nam a2200385 a 4500
001 - CONTROL NUMBER
control field 85720
003 - CONTROL NUMBER IDENTIFIER
rucl marc code BD-RjUL
005 - DATE AND TIME OF LATEST TRANSACTION
control field 20250916105120.0
008 - FIXED-LENGTH DATA ELEMENTS--GENERAL INFORMATION
fixed length control field 250916s2009 dcua b i001 0 eng
020 ## - INTERNATIONAL STANDARD BOOK NUMBER
International Standard Book Number 9780821379820
Qualifying information pbk.
International Standard Book Number 9780821379837
035 ## - SYSTEM CONTROL NUMBER
System control number (BD-RjUL)85720
040 ## - CATALOGING SOURCE
Original cataloging agency DNLM/DLC
Transcribing agency DLC
Modifying agency DLC
-- BD-RjUL
Language of cataloging eng
041 ## - LANGUAGE CODE
Language code of text/sound track or separate title eng
082 00 - DEWEY DECIMAL CLASSIFICATION NUMBER
Edition number 22
Classification number 362.104257
Author mark and year REF 2009
245 00 - TITLE STATEMENT
Title Reforming China's rural health system /
Statement of responsibility, etc. Adam Wagstaff ... [et al.].
260 ## - PUBLICATION, DISTRIBUTION, ETC. (IMPRINT)
Place of publication, distribution, etc. Washington, DC :
Name of publisher, distributor, etc. World Bank,
Date of publication, distribution, etc. c2009.
300 ## - PHYSICAL DESCRIPTION
Pagination xxi, 248 p. :
Illustrations ill. ;
Size 23 cm.
336 ## - CONTENT TYPE
Content type term text
Content type code txt
Source rdacontent
337 ## - MEDIA TYPE
Media type term unmediated
Media type code n
Source rdamedia
338 ## - CARRIER TYPE
Carrier type term volume
Carrier type code nc
Source rdacarrier
490 1# - SERIES STATEMENT
Series statement Directions in development
504 ## - BIBLIOGRAPHY, ETC. NOTE
Bibliography, etc Includes bibliographical references (p. 219-238) and index.
650 #0 - SUBJECT ADDED ENTRY--TOPICAL TERM
Topical term or geographic name as entry element Rural health services
Geographic subdivision China.
9 (RLIN) 16902
Topical term or geographic name as entry element Health care reform
Geographic subdivision China.
9 (RLIN) 16903
Topical term or geographic name as entry element Rural Health Services
Geographic subdivision China.
9 (RLIN) 16904
Topical term or geographic name as entry element Delivery of Health Care
Geographic subdivision China.
9 (RLIN) 16905
Topical term or geographic name as entry element Health Care Reform
Geographic subdivision China.
9 (RLIN) 16906
Topical term or geographic name as entry element Insurance, Health
Geographic subdivision China.
9 (RLIN) 16907
700 1# - ADDED ENTRY--PERSONAL NAME
Personal name Wagstaff, Adam.
710 2# - ADDED ENTRY--CORPORATE NAME
Corporate name or jurisdiction name as entry element World Bank.
9 (RLIN) 16909
830 #0 - SERIES ADDED ENTRY--UNIFORM TITLE
Uniform title Directions in development (Washington, D.C.)
942 ## - ADDED ENTRY ELEMENTS (KOHA)
Source of classification or shelving scheme Dewey Decimal Classification
Koha item type Books
Holdings
Lost status Source of classification or shelving scheme Damaged status Not for loan Collection code Permanent Location Current Location Shelving location Date acquired Source of acquisition Total Checkouts Full call number Date last seen Copy number Koha item type
  Dewey Decimal Classification   Not For Loan Non-fiction Central Library, University of Rajshahi Central Library, University of Rajshahi Reading Room 15/09/2025 World Bank   362.104257 REF 2009 16/09/2025 C-1 Books